书目信息 |
| 题名: |
找回大学精神
|
|
| 作者: | 董云川 著 | |
| 分册: | ||
| 出版信息: | 昆明 云南大学出版社 2005.10 |
|
| 页数: | 308页 | |
| 开本: | 25cm | |
| 丛书名: | ||
| 单 册: | ||
| 中图分类: | G649.2-53 | |
| 科图分类: | ||
| 主题词: | 高等教育--gao deng jiao yu--中国--文集 | |
| 电子资源: | ||
| ISBN: | 7-81025-962-8 | |
| 000 | 00789nam0 2200229 450 | |
| 001 | 012006427919 | |
| 005 | 20060701095322.31 | |
| 010 | @a7-81025-962-8@dCNY28.00 | |
| 100 | @a20060609d2005 km y0chiy0120 ea | |
| 101 | 0 | @achi |
| 102 | @aCN@b530000 | |
| 105 | @aa z 000yy | |
| 200 | 1 | @a找回大学精神@Azhao hui da xue jing shen@f董云川著@Fdong yun chuan zhu |
| 205 | @a第3版 | |
| 210 | @a昆明@c云南大学出版社@d2005.10 | |
| 215 | @a308页@d25cm | |
| 330 | @a矛盾永远都有,问题处处都在。不论怎么谈,有一点是不会改变的--只要地球还在转,只要世界在发展,只要学校还在,那么,好教师的门前就绝不会寂寞。 | |
| 606 | 0 | @a高等教育@Agao deng jiao yu@y中国@j文集 |
| 690 | @aG649.2-53@v4 | |
| 701 | 0 | @a董云川@Adong yun chuan@4著 |
| 801 | 0 | @aCN@bQSSK@c20060701 |
| 905 | @a10447@dG649.2-53@eD750 | |
| 找回大学精神/董云川著.-第3版.-昆明:云南大学出版社,2005.10 |
| 308页;25cm |
| ISBN 7-81025-962-8:CNY28.00 |
| 矛盾永远都有,问题处处都在。不论怎么谈,有一点是不会改变的--只要地球还在转,只要世界在发展,只要学校还在,那么,好教师的门前就绝不会寂寞。 |
| ● |
| 相关链接 |
|
|
|
正题名:找回大学精神
索取号:G649.2-53/D750
 
预约/预借
| 序号 | 登录号 | 条形码 | 馆藏地/架位号 | 状态 | 备注 |
| 1 | 581803 | 205818034 | 社科库409/409社科库 15排1列1层/ [索取号:G649.2-53/D750] | 在馆 | |
| 2 | 581804 | 205818043 | 社科库409/409社科库 15排1列1层/ [索取号:G649.2-53/D750] | 在馆 | |
| 3 | 581805 | 205818052 | 社科库409/409社科库 15排1列1层/ [索取号:G649.2-53/D750] | 在馆 |